=LDR 00000nam 2200000 4500 =001 INLIS000000000036538 =005 20151202094045.0 =006 =007 =008 Ind =035 ##$$0010-061300000036538 =041 ##$$a Ind =082 ##$$a 510.7 =090 ##$$a 510.7, Set m =100 ##$$a Setyono, Ariesandi =245 ##$$a Mathemagics, Ariesandi Setyono =260 ##$$a 2010 $b Jakarta =300 ##$$a xvi, 108 hlm, ilus, 23 cm =650 ##$$a Matematika-Studi dan pengajaran =850 ##$$a NBPNMAT =990 ##$$a 21195837/BPAP-NTB/2014 =990 ##$$a 0001/BPAP-NTB/20142015